Online
Catalog

Las crisis psicológicas de Simón Bolívar / (Record no. 15074)

MARC details
000 -CABECERA
campo de control de longitud fija 00951cam a2200253 a 4500
001 - NÚMERO DE CONTROL
campo de control 000015518
005 - FECHA Y HORA DE LA ÚLTIMA TRANSACCIÓN
campo de control 20200929164049.0
008 - DATOS DE LONGITUD FIJA--INFORMACIÓN GENERAL
campo de control de longitud fija 930420s1978 ve a b l000 0bspa d
035 ## - NÚMERO DE CONTROL DEL SISTEMA
Número de control de sistema (DLC) 93143175
040 ## - FUENTE DE LA CATALOGACIÓN
Centro catalogador/agencia de origen DO-SdBNP
Lengua de catalogación spa
Centro/agencia transcriptor BNPHU
082 ## - NÚMERO DE LA CLASIFICACIÓN DECIMAL DEWEY
Número de clasificación 923.2987
Número de documento/Ítem S594F
049 ## - FONDOS LOCALES (OCLC)
Fondos de biblioteca BNGR
100 1# - ENTRADA PRINCIPAL--NOMBRE DE PERSONA
Nombre de persona Feldman, Moisés.
9 (RLIN) 35048
245 14 - MENCIÓN DE TÍTULO
Título Las crisis psicológicas de Simón Bolívar /
Mención de responsabilidad, etc. Moisés Feldman.
250 ## - MENCIÓN DE EDICIÓN
Mención de edición 2a ed.
260 ## - PUBLICACIÓN, DISTRIBUCIÓN, ETC.
Lugar de publicación, distribución, etc. Caracas :
Nombre del editor, distribuidor, etc. Nuestra Psiquiatría,
Fecha de publicación, distribución, etc. 1978.
300 ## - DESCRIPCIÓN FÍSICA
Extensión 101 p. :
Otras características físicas il. ;
Dimensiones 20 cm.
504 ## - NOTA DE BIBLIOGRAFÍA, ETC.
Nota de bibliografía, etc. Incluye bibliografía: p. 100-101.
504 ## - NOTA DE BIBLIOGRAFÍA, ETC.
Nota de bibliografía, etc. Incluye referencias bibliográficas y notas al pie de las páginas.
600 14 - PUNTO DE ACCESO ADICIONAL DE MATERIA--NOMBRE DE PERSONA
Nombre de persona BOLÍVAR, SIMÓN,
Fechas asociadas al nombre 1783-1830
Información miscelánea SIMÓN JOSÉ ANTONIO DE LA SANTÍSIMA TRINIDAD BOLÍVAR Y PALACIOS
Subdivisión general PSICOLOGÍA
9 (RLIN) 35049
650 #4 - PUNTO DE ACCESO ADICIONAL DE MATERIA--TÉRMINO DE MATERIA
Término de materia o nombre geográfico como elemento de entrada Jefes de estado
Subdivisión geográfica América Del Sur
Subdivisión general Biografía
9 (RLIN) 18374
600 14 - PUNTO DE ACCESO ADICIONAL DE MATERIA--NOMBRE DE PERSONA
Nombre de persona RODRÍGUEZ, SIMÓN,
Fechas asociadas al nombre 1769-1854.
9 (RLIN) 35050
910 ## - DATOS DE OPCIÓN DEL USUARIO (OCLC)
Datos de opción del usuario Catalogación derivada
Holdings
Estado de retiro Estado de pérdida Restricciones de uso No para préstamo Código de colección Localización permanente Ubicación/localización actual Ubicación en estantería Fecha de adquisición Número de inventario Total de préstamos Signatura topográfica completa Código de barras Fecha visto por última vez Precio válido a partir de Tipo de ítem Koha
    Préstamo interno   Monografías: Libros y Folletos General General En catalogación 11.02.2010 LF1   923.2987 S594F 15518-10 25.06.2020 25.06.2020 Préstamo interno

Powered by Koha